Competition's new clothes: 20 short cases on rivalry between firms (Record no. 25783)

MARC details
000 -LEADER
fixed length control field 02132 a2200157 4500
020 ## - INTERNATIONAL STANDARD BOOK NUMBER
ISBN 9781108461917
082 ## - DEWEY DECIMAL CLASSIFICATION NUMBER
Classification number 338.6048
Item number LEV-C
100 ## - MAIN ENTRY--AUTHOR NAME
Personal name Lévêque,François
245 ## - TITLE STATEMENT
Title Competition's new clothes: 20 short cases on rivalry between firms
260 ## - PUBLICATION, DISTRIBUTION, ETC. (IMPRINT)
Name of publisher Cambridge University Press
Year of publication 2019
Place of publication Cambridge
300 ## - PHYSICAL DESCRIPTION
Number of Pages xii, 210p.
504 ## - BIBLIOGRAPHY, ETC. NOTE
Bibliography, etc Include Index
520 ## - SUMMARY, ETC.
Summary, etc Competition is extending its reach, growing stronger everywhere. The evidence is there for all to see. Supermarket shelves sag under the weight of goods from all over the world. Neighbourhood stores must compete with online vendors who deliver to our doorstep. The choice of television channels and video content is growing apace. Even electricity and gas monopolies are a distant memory. But is it really that simple? Giant companies have conquered the planet in leaps and bounds, and now seem unassailable. Big names such as Amazon and Google, of course, but Lego too, in the toy market, or indeed Ikea for home decoration. There are many more, though perhaps as yet little known. Who has ever heard of China Marine International Containers, the world's biggest manufacturer of steel shipping containers? Or Amer Sports, a Finnish concern that leads the market for skis and tennis rackets? So is competition intensifying or slackening? Is it different in today's global, technology-driven economy than in the past? Hard to say really, so let's look a little closer.On the one hand the boundaries of markets are being extended, thanks to the falling costs of transport and communications, which de facto increases the number of competitors serving the same customers. So competition should be greater. On the other hand markets are shrinking due to growing differentiation of goods and services. Take the example of wine! French winegrowers are now in competition with their counterparts in Australia and Chile, no longer just with producers in Spain and Italy. Yet, if we set aside the cheapest tipples, wines are from being interchangeable
650 ## - SUBJECT ADDED ENTRY--TOPICAL TERM
Topical Term Organizational behavior
Form subdivision Competition
-- Strategic alliances
-- BUSINESS & ECONOMICS
942 ## - ADDED ENTRY ELEMENTS (KOHA)
Source of classification or shelving scheme Dewey Decimal Classification
Koha item type Books
Holdings
Withdrawn status Lost status Damaged status Not for loan Home library Current library Date acquired Source of acquisition Cost, normal purchase price Bill Date Full call number Accession Number Cost, replacement price Price effective from Koha item type
        NASSDOC Library NASSDOC Library 26/12/2019 OP 1370.25 2019-12-20 338.6048 LEV-C 50603 1877.06 26/12/2019 Books